| 000 | 03604nam0a2200505 4500 | ||
|---|---|---|---|
| 001 | RU\NLR\BIBL_A\012010639 | ||
| 005 | 20251226105157.0 | ||
| 020 |
_aRU _9Ленинград в Великой Отечественной войне. Коллекция. Афиши |
||
| 035 | _a(NLR Aleph) 012010639 | ||
| 090 |
_a48492 _c48492 |
||
| 100 | _a20190515d1945 u y0rusy50 ca | ||
| 101 | 0 | _arus | |
| 102 | _aRU | ||
| 105 | _ay z 000zy | ||
| 135 | _acrcn 024anaba | ||
| 200 | 1 |
_aКонцерт Заслуженного коллектива Республики Симфонического оркестра Филармонии. Дирижер - Заслуженний деятель искусств, профессор Б.Э. Хайкин, солист - Лауреат Всесоюзного конкурса музыкантов-исполнителей М.Я. Хальфин, Среда 14 февраля 1945 г. _e[афиша] _fЛенинградская государственная ордена Трудового Красного Знамени Филармония, Большой зал |
|
| 210 |
_a[Ленинград] _cТЛ-1 _d1945 |
||
| 215 |
_a1 л. _d54х70 |
||
| 300 | _aНачало концерта в 8 час. 30 мин. веч. Вход в зал после 3-го звонка не допускается. Билеты продаются в кассе Филармонии ежедневно с 11 час. утра до 3 час. дня и с 4 час. дня до 8 час. вечера | ||
| 300 | _aЗаказ 1002 | ||
| 325 | _aКопия доступна в Электрон. б-ке РНБ | ||
| 327 | _aПрограмма: Рахманинов - "Утес", фантазия для оркестра; Концерт для фортепиано с оркестром № 2; Чайковский - Шестая симфония (патетическая) | ||
| 606 | 1 |
_aТеатральная жизнь _yЛенинград, город _z1941 - 1944 _jАфиши _2nlr_sh2 _3RU\NLR\AUTH\6601649837 |
|
| 686 | _aЩ333(2Р=Рус)7-692Ленинград | ||
| 702 | 1 |
_aХайкин _bБ. Э. _cдирижёр _f1904-1978 _gБорис Эммануилович _3RU\NLR\AUTH\770205154 _4005 |
|
| 702 | 1 |
_aХальфин _bМ. Я. _cпианист, педагог _f1907-1990 _gМоисей Яковлевич _3RU\NLR\AUTH\770203274 _4005 |
|
| 710 | 0 | 2 |
_aЛенинградская филармония _bСимфонический оркестр _3RU\NLR\AUTH\889946349 |
| 712 | 0 | 2 |
_aЛенинградская филармония им. Д. Д. Шостаковича _bБольшой зал _3RU\NLR\AUTH\880496902 _4570 |
| 852 |
_aNLR _jЛ3-330а/4/3/1945-февр. (13) |
||
| 856 | 0 | _uhttp://vivaldi.nlr.ru/la700000765/view | |
| 856 | 1 | _uhttp://vivaldi.nlr.ru/la700000765/cover | |
| 856 | 2 | _uhttp://vivaldi.nlr.ru/la700000765/text | |
| 942 | _cVISUAL | ||
| 945 | _aРоссийская национальная библиотека | ||
| 980 | 3 | _akplen | |
| 980 | 3 | _akp | |
| 980 | _aNB | ||
| 980 | _aBV | ||
| 981 | 3 | 7 |
_a(37) Ленинград в Великой Отечественной войне _b(37) Афиши блокадного Ленинграда |